000 00363nam a2200133 i 4500
001 bg
100 1 _aŁUKANISZYN, M.
245 0 _aModelowanie pól magnetycznych i elektrycznych trójwymiarowych metodą różnic... /
_cM. Łukaniszyn.
260 _aOpole,
_c1990.
040 _cBPK
041 _apol
942 _cKS
008 s pl f |000 0 pol
999 _c29305
_d29305
856 _uhttp://koha.tu.koszalin.pl/cgi-bin/koha/opac-detail.pl?biblionumber=29305
_yKatalog online BPK